Statistics for Songs About Places, or with Places in the Title

Click here to take the quiz!

General Stats

  • This quiz has been taken 35 times
  • The average score is 14 of 41

Answer Stats

SongAnswer% Correct
Born in the USABruce Springsteen
93%
New York, New YorkFrank Sinatra
86%
Sweet Home AlabamaLynyrd Skynyrd
86%
Back in the USSRThe Beatles
86%
Californication
Red Hot Chilli Peppers
83%
California DreamingThe Mamas and the Papas
83%
London CallingThe Clash
76%
China GirlDavid Bowie
66%
Rocky Mountain High [Colorado]John Denver
66%
Georgia on My MindRay Charles
66%
Empire State of Mind [New York]Jay-Z feat. Alicia Keys
62%
Midnight Train to GeorgiaGladys Knight and the Pips
52%
Do You Know the Way to San JoseDionne Warwick | Burt Bacharach | Hal David
48%
JacksonBilly Ed Wheeler | Johnny Cash and June Carter | Nancy Sinatra and Lee Hazlewood
45%
The Devil Went Down to GeorgiaThe Charlie Daniels Band | Primus | Korn | Nickelback | Michelle Lambert | Steve Ouimette
45%
Beverly HillsWeezer
38%
ViennaUltravox
34%
Ferry Cross the MerseyGerry and the Pacemakers
31%
GalvestonGlen Campbell
31%
The Eton RiflesThe Jam
28%
The Girl from IpanemaAntônio Carlos Jobim | Pery Ribeiro | Stan Getz and Astrud Gilberto
24%
California Uber AllesDead Kennedy's
24%
The Blue DanubeJohann Strauss II
24%
Hong Kong GardenSiouxsie and the Banshees
24%
(I Don't Want to Go to) ChelseaElvis Costello and the Attractions
21%
San FranciscoScott McKenzie
21%
Valley Girl [San Fernando Valley]Frank and Moon Zappa
17%
Born in East LACheech and Chong
10%
MemphisJoe Jackson
10%
Jesus Just Left ChicagoZZ Top
10%
The Girl from Ipanema Goes to GreenlandB-52's
7%
An Open Letter to NYCBeastie Boys
7%
Montego BayBobby Bloom | The Allniters
7%
AlabamaNeil Young
7%
Darlinghurst ConfidentialCelibate Rifles
3%
Khe SanhCold Chisel
3%
Dirty Blvd. [New York]
Lou Reed
3%
Put Your Hands Up 4 DetroitFedde Le Grand
3%
Bus to BondiMidnight Oil
3%
AdelaidePaul Kelly and the Coloured Girls
3%
Brisbane(Security City)The Saints
3%

Score Distribution

Percentile by Number Answered

Percent of People with Each Score

Your Score History

You have not taken this quiz